Urbanización y migración entre ciudades, 1995-2000. Un análisis multinivel /

En los últimos años del siglo XX se presentó en muchos países una tendencia a la desconcentración de la población urbana. En este artículo se realiza un ejercicio de regresión multinivel para explorar los factores más importantes en la determinación de la probabilidad de migrar entre zonas metropoli...

全面介紹

Guardado en:
書目詳細資料
主要作者: Pérez Campuzano, Enrique
其他作者: Santos Cerquera, Clemencia
格式: Texto
主題:
標簽: 添加標簽
沒有標簽, 成為第一個標記此記錄!

MARC

LEADER 00000 a a2200000 04500
001 11678
003
040
100 |a Pérez Campuzano, Enrique  
245 |a Urbanización y migración entre ciudades, 1995-2000. Un análisis multinivel /  |c Enrique Pérez Campuzano ; Clemencia Santos Cerquera 
520 |a En los últimos años del siglo XX se presentó en muchos países una tendencia a la desconcentración de la población urbana. En este artículo se realiza un ejercicio de regresión multinivel para explorar los factores más importantes en la determinación de la probabilidad de migrar entre zonas metropolitanas mexicanas  
650 |a MIGRACION INTERNA  
650 |a CIUDADES  
650 |a MIGRACION URBANA  
650 |a MEXICO  
650 |a CIUDADES  
650 |a POBLACION  
700 |a Santos Cerquera, Clemencia  
773 |g volumen 14, número 56; páginas 173-214  
999 |c 35829  |d 35829